Calculus activities for graphic calculators a supplement for standard calculus
| Main Author: | |
|---|---|
| Format: | Section = Libro |
| Language: | Undetermined Spanish |
| Published: |
United States
PWS KENT publishing Company
1990
|
| Subjects: |
| LEADER | 00563nam a2200193Ia 4500 | ||
|---|---|---|---|
| 008 | 240829s9999 xx 000 0 und d | ||
| 020 | |a 0-534-92431-X | ||
| 040 | |a BIBLIOTECA-RUSB/ 515 P397 | ||
| 041 | |a spa | ||
| 082 | |a 515 P397 | ||
| 100 | 1 | |a Pence, Dennis | |
| 245 | 1 | 0 | |a Calculus activities for graphic calculators a supplement for standard calculus |
| 260 | |a United States |b PWS KENT publishing Company |c 1990 | ||
| 300 | |a 266 p. :il. | ||
| 650 | 7 | |a CALCULO - METODOS GRAFICOS | |
| 650 | 7 | |b CALCULADORAS GRAFICAS | |
| 942 | |c BK |2 ddc | ||
| 991 | |a TEXTO | ||
| 999 | |c 1593 | ||